000 00704nam a22002297a 4500
003 UA-OsUOA
001 92517
007 ta
008 20121219b un ||||| |||| 00| 0 ukr d
100 _aАльтшуллер А. Я.
090 _a821.161.1
_bА58
942 _cBK
040 _aUA-OsUOA
_brus
_cUA-OsUOA
_dUA-OsUOA
245 _aПять рассказов о знаменитых актерах
_bДуэты. Творчество. Содружество
300 _a208 с.
955 _a3
041 _arus
080 _a821.161.1
260 _aЛенинград
_bИкусство
_c1985
650 7 _a82 Література. Літературознавство
_2UDC
999 _c378757
_d378757